| 000 | 00890nam a2200217Ia 4500 | ||
|---|---|---|---|
| 999 |
_c46900 _d46900 |
||
| 001 | 13753 | ||
| 003 | GE_BSU | ||
| 005 | 20241011120449.0 | ||
| 008 | 181216s2012||||ge |||||||||||||| ||geo|| | ||
| 020 | _a9789941929700 | ||
| 040 | _cGE_BSU | ||
| 041 | _ageo | ||
| 080 | _a792(479.22)+74(479.22) დ-15 | ||
| 100 |
_aდავითაია, ვახტანგ _915482 |
||
| 245 |
_aსაუბრები : _bრობერტ სტურუა, ზურაბ ნიჟარაძე, რამაზ ჩხიკვაძე, კახი კავსაძე / _cვახტანგ დავითაია. |
||
| 264 |
_aთბილისი : _bივერიონი, _c2012. |
||
| 300 |
_a64 გვ. : _bილ. ; _c20 სმ. |
||
| 653 | _aქართული მხატვრობა | ||
| 653 | _aქართული თეატრი | ||
| 942 |
_cBK _2udc |
||